000
00325nam a22001337a 4500
008
171006b xxu||||| |||| 00| 0 eng d
020
_a
9780721639765
041
_a
eng
080
_a
159.9
100
_a
49
101
_a
PSI
245
_a
FUNDAMENTALS OF URINE AND BODY FLUID ANALYSIS
_c
BRUNZEL.N.A
942
_2
udc
_c
BK
999
_c
32373
_d
32373